000 00824nmm a2200265 a 4500
001 ocm000955288
003 TR-IsHL
005 20201028150330.0
008 150110s2013 tu tur
007 cr cn
020 _a9786051430430
035 _a955288
_b(N$T)
050 0 4 _aPL248.G65
_bO38 2013
090 0 4 _aPL248.G65
_bO38 2013
100 1 _aGökhan, Halil
245 1 0 _aObtüratör
_h[electronic resource] /
_cHalil Gökhan
260 _aİstanbul :
_bKafekültür Yayıncılık,
_c2013
300 _a52 p.
650 4 _aDil ve Edebiyat
650 4 _aLanguage and Literature
650 0 _aTürk romanı
650 0 _aTurkish fiction
650 7 _aLITERARY COLLECTIONS / Middle Eastern
_2bisacsh
856 4 0 _uhttp://search.ebscohost.com/login.aspx?direct=true&scope=site&db=e011xww&AN=955288
999 _c10417
_d10417